000 01107nam a22002177a 4500
999 _c60363
_d60363
003 Ge_BSU
005 20230705151636.0
008 230705s1997ge xxu||||| |||| 00| 0 geo d
041 _ageo
080 _a008(38)+930.85 გ-70
100 _aგორდეზიანი, რ. (რისმაგ)
_919165
245 _aბერძნული ცივილიზაცია
_b ნაკვ. 2. ნაწ. 1, კლასიკური ეპოქა /
_cრისმაგ გორდეზიანი, რედ. ლ. თურმანიძე.
264 _aთბილისი :
_bმერანი,
_c1997.
300 _a117 გვ. :
_b ილ.
_c22 სმ.
440 _aანტიკური სამყაროს კულტურები: 5 წიგნად
_919166
653 _aბერძნული კულტურა
653 _aბერძნული ხელოვნება
653 _aცივილიზაციის ისტორია
700 _aთურმანიძე, ლ
_eრედაქტორი
_91756
942 _2udc
_cBK